Normal view
MARC view
Entry Personal Name
001 - CONTROL NUMBER
- control field: 7863
003 - CONTROL NUMBER IDENTIFIER
- control field: BD-RjUL
005 - DATE AND TIME OF LATEST TRANSACTION
- control field: 20230605144617.0
008 - FIXED-LENGTH DATA ELEMENTS
- fixed length control field: 230605|| aca||aabn | a|a d
040 ## - CATALOGING SOURCE
- Original cataloging agency: BD-RjUL
- Transcribing agency: BD-RjUL
100 ## - HEADING--PERSONAL NAME
- Personal name: Ali, M. Rostom, Principal Supervisor
670 ## - SOURCE DATA FOUND
- Source citation: Work cat.: (BD-RjUL)81509: RAHMAN, MD. ZIAUR 7861, ELECTRODEPOSITION OF COPPER, COBALT AND CHROMIUM FROM EUTECTIC BASED IONIC LIQUIDS :, 2015